000 00576nmm a2200169Ia 4500
008 251105s9999||||xx |||||||||||||||||und||
020 _a9788416421404
041 _aspa
100 _aRíos Gordillo, Carlos Alberto
245 0 _aLas formas de la comparación: Marc Bloch y las ciencias humanas :
_b Ensayo de morfología e historia
264 _a[Madrid, España] :
_bAnthropos,
_c2016
300 _a240 páginas
490 _aPensamiento crítico / Pensamiento utópico
650 _aLexicology
856 _uhttps://public.digitaliapublishing.com/a/47712
942 _cCF
999 _c77736
_d77736